Cp̀sula Jurd̕ica

Detalles Bibliográficos
Formato: eBook
Lenguaje:español
Publicado: Santiago de Chile: Macpherson Global, 2021 -
Materias:
Acceso en línea:Acceso restringido

MARC

LEADER 00000nam a22000007a 4500
005 20220706231312.0
007 cr|||| ||||
008 220706c20219999cl |n|w s|||| 0|||b1spa d
035 |a 36654 
040 |a vLex 
090 |c 13539  |d 13539 
245 0 0 |a Cp̀sula Jurd̕ica  |h [Recurso electrn̤ico] / 
256 |a Servicio en ln̕ea 
260 |a Santiago de Chile:  |b Macpherson Global,  |c 2021 - 
300 |a 1 recurso electrn̤ico 
310 |a Irregular 
506 1 |a Disponible solo en los productos indicados  |d vLex Global  |d vLex Global (Academic Edition, excluding Law Schools)  |d vLex Global (U.S. Academic Edition, Law Schools)  |d vLex Global (U.S. Academic Edition, excluding Law Schools)  |d vLex Global (Academic Edition, Law Schools) 
650 0 4 |a Derecho Pb︢lico y Administrativo  |z Chile 
650 0 4 |a Derecho Comunitario  |z Chile 
740 0 |a vLex Revistas (Servicio en ln̕ea) 
856 4 0 |u https://app.vlex.com/#/sources/36654  |z Acceso restringido 
942 |c REV 
999 0 |a Public and Administrative Law 
999 0 |a Community Law